100 największych miast świata z wyjątkami - Statystyki

Ogólne statystyki
  • Ten quiz został rozwiązany 3 003 razy
  • Średni wynik to 41 z 98
Odpowiedzi na mapie
Odpowiedzi zakodowano w zielono-czerwonej skali na mapie do tego quizu, zgodnie z poniższymi procentami.
 
Statystyki odpowiedzi
Populacja Miasto % Poprawnych
19,1 mln Moskwa
95%
14,9 mln Londyn
92%
11,5 mln Paryż
92%
6,65 mln Madryt
91%
4,85 mln Berlin
89%
41,0 mln Tokio
89%
3,42 mln Rzym
88%
25,1 mln Meksyk
86%
22,5 mln Kair
83%
12,5 mln Rio de Janeiro
83%
3,47 mln Kijów
82%
4,97 mln Sydney
82%
16,7 mln Buenos Aires
79%
6,50 mln Petersburg
79%
15,9 mln Stambuł
78%
4,87 mln Barcelona
71%
16,5 mln Teheran
70%
11,8 mln Lima
69%
25,1 mln Seul
69%
7,70 mln Toronto
69%
5,15 mln Ankara
68%
10,4 mln Bogota
67%
5,95 mln Dubaj
66%
21,2 mln Bangkok
65%
29,2 mln Dżakarta
65%
3,97 mln Brasília
64%
22,1 mln São Paulo
64%
4,25 mln Algier
62%
7,50 mln Rijad
60%
8,25 mln Santiago
60%
14,6 mln Johannesburg
59%
6,10 mln Mediolan
59%
3,57 mln Ateny
58%
4,97 mln Kapsztad
58%
3,82 mln Caracas
57%
27,2 mln Manila
56%
7,65 mln Bagdad
53%
20,7 mln Lagos
52%
5,00 mln Melbourne
52%
7,15 mln Hanoi
51%
6,70 mln Nairobi
50%
17,7 mln Osaka
50%
9,30 mln Kuala Lumpur
49%
15,6 mln Kinszasa
47%
7,85 mln Singapur
47%
3,92 mln Dakar
45%
5,05 mln Kabul
45%
4,72 mln Addis Abeba
44%
3,87 mln Damaszek
42%
22,5 mln Dhaka
42%
4,42 mln Montreal
40%
4,77 mln Casablanca
39%
7,05 mln Chartum
39%
4,05 mln Neapol
39%
6,20 mln Aleksandria
34%
9,35 mln Luanda
32%
5,85 mln Guadalajara
31%
20,9 mln Karaczi
31%
4,27 mln Medellin
29%
3,67 mln Baku
27%
13,9 mln Ho Chi Minh
27%
9,95 mln Tajpej
27%
6,60 mln Akra
25%
6,00 mln Amman
23%
6,00 mln Monterrey
22%
4,92 mln Belo Horizonte
21%
6,25 mln Dar es Salaam
19%
3,77 mln Taszkent
19%
6,80 mln Abidżan
18%
5,45 mln Bamako
18%
4,12 mln Kampala
17%
10,5 mln Nagoja
17%
4,77 mln Kuwejt
16%
3,92 mln Dżudda
15%
4,00 mln Busan
14%
3,92 mln Porto Alegre
14%
3,82 mln Jaunde
13%
4,92 mln Kolombo
13%
6,15 mln Rangun | Jangon
13%
3,85 mln Santo Domingo
13%
3,57 mln Fortaleza
12%
5,20 mln Kano
12%
14,5 mln Lahaur
12%
3,67 mln Recife
12%
3,85 mln Durban
11%
3,42 mln Kurytyba
10%
3,62 mln Port-au-Prince
9%
5,90 mln Surabaja
9%
3,37 mln Isfahan
7%
4,22 mln Puebla
7%
3,40 mln Rotterdam
7%
6,95 mln Bandung
6%
5,00 mln Ćottogram
6%
4,20 mln Medan
5%
3,77 mln Duala
4%
3,42 mln Meszhed
4%
4,05 mln Fajsalabad
3%
3,80 mln Rawalpindi
3%
Nie znaleziono quizów pasujących do podanych kryteriów
Rozkład punktacji
Procent ludzi z każdym wynikiem
Percentyl według liczby udzielonych odpowiedzi
Twoja historia wyników
Nie rozwiązałeś tego quizu